EPIC The Musical: Suffering - Statistics

General Stats
  • This quiz has been taken 592 times
  • The average score is 273 of 301
Answer Stats
Speaker Lyrics % Correct
a
99%
and
99%
And
99%
I
99%
in
99%
know
99%
me?
99%
me
99%
the
99%
The
99%
water
99%
you
99%
You
99%
do
98%
I'm
98%
jump
98%
Odysseus | Sirens Penelope
98%
to
98%
Penelope Don't
97%
don't
97%
from
97%
From
97%
suffering
97%
Penelope Then
97%
Come
96%
come
96%
of
96%
Penelope Of
96%
take
96%
take?
96%
daughter
95%
for
95%
miss
95%
Odysseus | Penelope Oh
95%
oh
95%
our
95%
afraid
94%
kiss
94%
let
94%
Odysseus More
94%
on
94%
than
94%
will
94%
with
94%
With
94%
would
94%
But
93%
but
93%
can
93%
so
93%
So
93%
let's
92%
no
92%
Odysseus No
92%
be
91%
he
91%
Penelope He
91%
play
91%
this
91%
Penelope This
91%
way
91%
go?
90%
go
90%
shy
90%
that
90%
too
90%
ground
89%
home
89%
home?
89%
only
89%
Scylla
89%
why?
89%
as
88%
Odysseus How
88%
I've
88%
now
88%
Now
88%
Poseidon
88%
say
88%
time
88%
told
88%
before
87%
Penelope I'll
87%
Is
87%
is
87%
make
87%
run
87%
should
87%
sound
87%
am
86%
are
86%
has
86%
lair
86%
safe
86%
scared
86%
sure
86%
Penelope Well
86%
We'll
86%
Where
86%
where
86%
your
86%
if
85%
or
85%
chase
84%
cost
84%
question
84%
stay
84%
things
84%
waves
84%
asked
83%
course
83%
get
83%
giant
83%
high
83%
love
83%
low
83%
storms
83%
terrified
83%
two
83%
was
83%
answer
82%
feet
82%
find
82%
he's
82%
my
82%
place
82%
blocked
81%
dry?
81%
same
81%
ship
81%
Which
81%
at
80%
die
80%
hiding
80%
him?
80%
I'd
80%
never
80%
can't
79%
prefer
79%
route
79%
supposed
79%
whole
79%
fine
78%
Odysseus Fine
78%
It's
78%
float
76%
he'd
76%
leave
76%
through
76%
trying
76%
Odysseus Okay
74%
watch
74%
one
73%
evade
72%
just
72%
roam
70%
here
69%
onto
69%
sailing
69%
good
68%
right
68%
you'll
68%
sounds
67%
Odysseus Ah
56%
Odysseus Ooh
50%
No matching quizzes found
Score Distribution
Percent of People with Each Score
Percentile by Number Answered
Your Score History
You have not taken this quiz